Top 1000 Baby Girl Names in 1920 (US) (Spellings Combined) - Statistics

General Stats
  • This quiz has been taken 77 times
  • The average score is 406 of 1000
Answer Stats
Rank Female name % Correct
49 Ann
96%
65 Anne
96%
718 Elisa
96%
327 Eliza
96%
444 Jo
96%
618 Joe
96%
927 Lynn
96%
13 Marie
96%
1 Mary
96%
111 Sara
92%
50 Sarah
92%
321 Allie
90%
894 Ana
90%
10 Anna
90%
35 Annie
90%
475 Catharine
90%
21 Catherine
90%
757 Cathrine
90%
665 Cathryn
90%
413 Elisabeth
90%
8 Elizabeth
90%
800 Elizebeth
90%
58 Eva
90%
720 Eve
90%
484 Julie
90%
351 Katharine
90%
45 Katherine
90%
482 Katheryn
90%
640 Kathrine
90%
67 Kathryn
90%
733 Kathryne
90%
4 Margaret
90%
954 Margarete
90%
681 Margarett
90%
586 Margarette
90%
517 Margret
90%
287 Olivia
90%
20 Rose
90%
232 Bettie
88%
11 Betty
88%
578 Bettye
88%
182 Carol
88%
715 Carole
88%
159 Caroline
88%
150 Carolyn
88%
88 Ella
88%
9 Frances
88%
259 Francis
88%
3 Helen
88%
536 Hellen
88%
972 Helyn
88%
143 Joan
88%
130 Maria
88%
5 Ruth
88%
736 Ruthe
88%
173 Victoria
88%
48 Jane
86%
466 Jayne
86%
55 Julia
86%
63 Laura
86%
340 Lora
86%
357 Lou
86%
953 Louis
86%
631 Lue
86%
840 Paul
86%
15 Alice
84%
315 Alyce
84%
531 Evalyn
84%
996 Eveline
84%
12 Evelyn
84%
659 Evelyne
84%
300 Hannah
84%
90 Lillie
84%
376 Lilly
84%
331 Lily
84%
99 Mae
84%
204 May
84%
820 Pat
84%
116 Rosa
84%
47 Barbara
82%
79 Charlotte
82%
443 Diana
82%
918 Dorathy
82%
187 Dorothea
82%
2 Dorothy
82%
157 Nora
82%
104 Patricia
82%
792 Ellie
80%
497 Emilie
80%
119 Emily
80%
46 Emma
80%
447 Ester
80%
39 Esther
80%
37 Grace
80%
782 Grayce
80%
334 Helena
80%
199 Isabel
80%
423 Isabell
80%
420 Isabella
80%
213 Isabelle
80%
298 Millie
80%
354 Paula
80%
664 Rachael
80%
156 Rachel
80%
225 Susan
80%
966 Susanne
80%
389 Suzanne
80%
349 Beth
78%
814 Diane
78%
935 Lilia
78%
811 Lucie
78%
94 Lucy
78%
77 Violet
78%
675 Violette
78%
729 Abbie
76%
980 Amie
76%
263 Amy
76%
515 Ava
76%
137 Cora
76%
92 Ellen
76%
113 Georgia
76%
33 Jean
76%
645 Jeane
76%
114 Jeanne
76%
97 Jennie
76%
507 Jenny
76%
554 Joanna
76%
382 Johanna
76%
184 Katie
76%
861 Kattie
76%
974 Katy
76%
353 Linda
76%
162 Rosie
76%
243 Teresa
76%
108 Theresa
76%
192 Veronica
76%
436 Belle
74%
516 Elsa
74%
124 Janet
74%
603 Janette
74%
688 Joseph
74%
415 Kate
74%
500 Louisa
74%
999 Luisa
74%
275 Mollie
74%
427 Molly
74%
648 Nan
74%
136 Ada
72%
335 Amanda
72%
506 Bella
72%
333 Christina
72%
44 Clara
72%
25 Eleanor
72%
240 Eleanore
72%
960 Elenor
72%
992 Elenore
72%
257 Elinor
72%
853 Elinore
72%
17 Irene
72%
28 Josephine
72%
314 Josie
72%
744 Juliet
72%
513 Juliette
72%
23 Martha
72%
956 Melissa
72%
95 Nancy
72%
151 Olive
72%
175 Rebecca
72%
206 Adele
70%
492 Adell
70%
739 Adelle
70%
54 Agnes
70%
702 Andrea
70%
623 Carolina
70%
121 Carrie
70%
155 Daisy
70%
32 Edith
70%
826 Edyth
70%
291 Edythe
70%
149 Flora
70%
112 Harriet
70%
270 Harriett
70%
400 Harriette
70%
600 Joann
70%
471 Joanne
70%
337 Joy
70%
925 Lea
70%
286 Leah
70%
19 Louise
70%
73 Marian
70%
478 Marianne
70%
561 Maryann
70%
289 Myra
70%
278 Natalie
70%
829 Nathalie
70%
632 Rubie
70%
26 Ruby
70%
433 Rubye
70%
689 Sandra
70%
777 Amalia
68%
190 Amelia
68%
103 Audrey
68%
949 Audry
68%
154 Bonnie
68%
194 Claire
68%
435 Clare
68%
680 Dona
68%
202 Donna
68%
16 Florence
68%
282 Jacqueline
68%
801 Jacquelyn
68%
341 Judith
68%
53 June
68%
810 Lilian
68%
18 Lillian
68%
862 Lilyan
68%
147 Lola
68%
643 Tina
68%
64 Vivian
68%
745 Vivienne
68%
305 Aileen
66%
968 Aleen
66%
409 Alene
66%
310 Aline
66%
402 Allene
66%
872 Alline
66%
255 Angela
66%
916 Christene
66%
118 Christine
66%
292 Connie
66%
165 Constance
66%
14 Doris
66%
453 Dorris
66%
100 Eileen
66%
107 Elaine
66%
897 Henry
66%
602 Ivy
66%
84 Jessie
66%
483 Judy
66%
804 Pattie
66%
784 Patty
66%
36 Pauline
66%
831 Rosaline
66%
624 Rosalyn
66%
812 Roselyn
66%
460 Roslyn
66%
174 Sadie
66%
231 Sallie
66%
203 Sally
66%
546 Valerie
66%
75 Vera
66%
587 Alicia
64%
193 Angelina
64%
799 Deborah
64%
326 Dollie
64%
352 Dolly
64%
133 Dora
64%
994 Elois
64%
178 Eloise
64%
456 Elouise
64%
51 Elsie
64%
563 Faith
64%
350 Hope
64%
943 Juliana
64%
692 Madaline
64%
449 Madeleine
64%
138 Madeline
64%
381 Madelyn
64%
172 Maggie
64%
179 Nina
64%
948 Sofia
64%
279 Sophia
64%
7 Virginia
64%
519 Betsy
62%
212 Billie
62%
990 Billy
62%
388 Cynthia
62%
837 Elease
62%
530 Elena
62%
470 Elise
62%
663 Evie
62%
584 Francisca
62%
254 Janice
62%
660 Janis
62%
98 Lena
62%
544 Reta
62%
52 Rita
62%
129 Sophie
62%
82 Stella
62%
59 Viola
62%
565 Adela
60%
599 Adella
60%
473 Agatha
60%
524 Cassie
60%
477 Gene
60%
195 Gloria
60%
754 Gwen
60%
942 Jack
60%
126 Jeanette
60%
189 Jeannette
60%
83 Mabel
60%
148 Mable
60%
134 Naomi
60%
256 Nell
60%
639 Nelle
60%
76 Nellie
60%
348 Ophelia
60%
891 Shirlee
60%
56 Shirley
60%
768 Susanna
60%
117 Wanda
60%
857 Adaline
58%
176 Adeline
58%
628 Annabel
58%
740 Annabell
58%
273 Annabelle
58%
705 Berta
58%
57 Bertha
58%
917 Delilah
58%
241 Delores
58%
405 Deloris
58%
110 Dolores
58%
737 Georgina
58%
171 Henrietta
58%
262 Iris
58%
153 Joyce
58%
227 Lila
58%
828 Lilla
58%
877 Lyla
58%
457 Phoebe
58%
476 Robert
58%
80 Alma
56%
850 Beverley
56%
207 Beverly
56%
237 Carmen
56%
491 Charlie
56%
730 Chloe
56%
874 Dana
56%
919 Fae
56%
127 Fannie
56%
454 Fanny
56%
250 Fay
56%
208 Faye
56%
284 Gracie
56%
236 Gwendolyn
56%
34 Hazel
56%
747 Hazle
56%
598 Jackie
56%
395 John
56%
91 Kathleen
56%
370 Kay
56%
323 Leila
56%
218 Lela
56%
759 Leslie
56%
38 Lois
56%
283 Margery
56%
24 Marjorie
56%
434 Marjory
56%
987 Maybell
56%
549 Maybelle
56%
462 Monica
56%
72 Phyllis
56%
386 Polly
56%
371 Stephanie
56%
131 Anita
54%
41 Beatrice
54%
798 Bess
54%
71 Bessie
54%
329 Claudia
54%
27 Edna
54%
576 Estell
54%
158 Estelle
54%
30 Ethel
54%
42 Gertrude
54%
924 Greta
54%
132 Hattie
54%
166 Lucile
54%
29 Lucille
54%
185 Lydia
54%
621 Marianna
54%
6 Mildred
54%
522 Rosalee
54%
200 Rosalie
54%
712 Daphne
52%
787 Dawn
52%
86 Genevieve
52%
22 Gladys
52%
66 Ida
52%
911 Jamie
52%
235 Janie
52%
426 Jannie
52%
330 Loraine
52%
946 Lorayne
52%
70 Lorraine
52%
288 Marilyn
52%
734 Marilynn
52%
595 Mathilda
52%
261 Matilda
52%
87 Minnie
52%
140 Miriam
52%
219 Peggy
52%
144 Roberta
52%
537 Rosemarie
52%
141 Rosemary
52%
85 Sylvia
52%
78 Wilma
52%
247 Yvonne
52%
345 Callie
50%
827 Emmie
50%
125 Hilda
50%
755 Hulda
50%
986 Marlene
50%
493 Patsy
50%
62 Pearl
50%
830 Pearle
50%
816 Zoe
50%
220 Annette
48%
399 Aurora
48%
384 Bobbie
48%
398 Darlene
48%
931 Denise
48%
525 Gail
48%
719 Gayle
48%
527 Lauretta
48%
120 Loretta
48%
764 Madie
48%
772 Mandy
48%
704 Maureen
48%
408 Maurine
48%
411 Mona
48%
299 Adelaide
46%
865 Bridget
46%
520 Camille
46%
808 Clarissa
46%
690 Corene
46%
336 Corine
46%
328 Corinne
46%
428 Corrine
46%
183 Della
46%
230 Etta
46%
626 Gretchen
46%
177 Lottie
46%
594 Lucia
46%
503 Millicent
46%
146 Olga
46%
186 Regina
46%
246 Sue
46%
163 Susie
46%
105 Velma
46%
658 Yvette
46%
651 Berneice
44%
40 Bernice
44%
309 Berniece
44%
939 Burnice
44%
217 Cecelia
44%
465 Cecil
44%
297 Cecile
44%
238 Cecilia
44%
191 Cleo
44%
393 Delia
44%
898 Ines
44%
122 Inez
44%
269 Nadine
44%
69 Norma
44%
566 Ona
44%
101 Opal
44%
343 Tillie
44%
317 Willa
44%
160 Winifred
44%
294 Winnie
44%
568 Winnifred
44%
211 Addie
42%
622 Camilla
42%
407 Evangeline
42%
907 Frank
42%
201 Freda
42%
774 Freeda
42%
487 Freida
42%
253 Frieda
42%
883 Laurel
42%
485 Lucinda
42%
68 Myrtle
42%
714 Renee
42%
31 Thelma
42%
383 Charlene
40%
707 Charline
40%
652 Crystal
40%
866 Doreen
40%
264 Estella
40%
306 Frankie
40%
926 Leo
40%
311 Lorena
40%
709 Martina
40%
557 Mazie
40%
838 Meredith
40%
260 Priscilla
40%
654 Therese
40%
617 Arleen
38%
145 Arlene
38%
272 Arline
38%
360 Bernadette
38%
583 Celeste
38%
887 Dottie
38%
152 Erma
38%
197 Essie
38%
115 Eunice
38%
170 Fern
38%
481 Ferne
38%
882 Gearldine
38%
390 Georgie
38%
60 Geraldine
38%
697 Glenda
38%
419 Hallie
38%
164 Irma
38%
281 Lee
38%
488 Leone
38%
96 Mattie
38%
569 Maud
38%
249 Maude
38%
767 Sheila
38%
833 Sonia
38%
501 Una
38%
441 Valeria
38%
780 Adrienne
36%
128 Alberta
36%
646 Albertha
36%
523 Angie
36%
562 Blanch
36%
102 Blanche
36%
277 Clarice
36%
266 Elma
36%
699 Emilia
36%
860 Francine
36%
222 Iva
36%
89 Leona
36%
245 Lizzie
36%
416 Margarita
36%
748 Marge
36%
168 Margie
36%
93 Marguerite
36%
888 Margurite
36%
446 Queen
36%
490 Rae
36%
339 Ramona
36%
606 Ray
36%
567 Ursula
36%
74 Willie
36%
873 Beaulah
34%
109 Beulah
34%
700 Bulah
34%
271 Eugenia
34%
721 Felicia
34%
971 Gay
34%
251 Ina
34%
691 Lina
34%
139 Lula
34%
965 Marina
34%
601 Mina
34%
844 Prudence
34%
469 Rosalind
34%
233 Selma
34%
655 Anastasia
32%
380 Augusta
32%
676 Carmel
32%
915 Charity
32%
818 Colleen
32%
198 Goldie
32%
431 Jaunita
32%
228 Jewel
32%
216 Jewell
32%
592 Johnie
32%
223 Johnnie
32%
776 Jonnie
32%
61 Juanita
32%
543 Justine
32%
952 Letitia
32%
437 Lorna
32%
142 Mamie
32%
985 Mammie
32%
205 Ollie
32%
518 Rhea
32%
318 Rhoda
32%
368 Yolanda
32%
472 Zelda
32%
242 Celia
30%
511 Edwina
30%
214 Effie
30%
526 Gertie
30%
252 Helene
30%
43 Marion
30%
295 Mavis
30%
81 Maxine
30%
258 Nannie
30%
181 Nettie
30%
823 Norene
30%
657 Norine
30%
239 Ola
30%
841 Rosalia
30%
735 Rosanna
30%
464 Wilhelmina
30%
373 Antonia
28%
307 Cornelia
28%
467 Elvera
28%
268 Elvira
28%
635 Era
28%
556 George
28%
346 Hester
28%
605 Hettie
28%
809 Ira
28%
630 Josefina
28%
786 Kitty
28%
794 Libby
28%
533 Marcelle
28%
123 Muriel
28%
682 Octavia
28%
293 Rena
28%
319 Rosetta
28%
394 Roxie
28%
442 Ruthie
28%
773 Savannah
28%
509 Sibyl
28%
296 Sybil
28%
450 Syble
28%
135 Verna
28%
819 Adelina
26%
555 Bennie
26%
662 Clementine
26%
106 Geneva
26%
973 Ivory
26%
627 Lavern
26%
793 Lennie
26%
325 Lenore
26%
795 Macie
26%
347 Marcia
26%
379 Nola
26%
421 Nona
26%
693 Nova
26%
440 Tommie
26%
209 Angeline
24%
661 Cordelia
24%
625 Emogene
24%
274 Ila
24%
229 Imogene
24%
424 James
24%
553 Jerry
24%
267 Lenora
24%
532 Lulu
24%
215 Ora
24%
890 Queenie
24%
731 Theo
24%
496 Vada
24%
498 Veda
24%
458 Vida
24%
180 Antoinette
22%
671 Antonette
22%
374 Beryl
22%
290 Carmela
22%
302 Carmella
22%
529 Claudine
22%
743 Dena
22%
545 Earnestine
22%
377 Eddie
22%
412 Enid
22%
221 Ernestine
22%
548 Ima
22%
224 Luella
22%
788 Magdalen
22%
521 Magdalene
22%
161 Marcella
22%
870 Mariam
22%
479 Minerva
22%
619 Myrna
22%
439 Pansy
22%
582 Petra
22%
248 Reba
22%
785 Rosamond
22%
372 Tessie
22%
538 Theodora
22%
805 Thomas
22%
902 Willia
22%
616 Zora
22%
746 Adelia
20%
904 Augustine
20%
539 Aurelia
20%
378 Bertie
20%
445 Birdie
20%
608 Bonita
20%
364 Dixie
20%
169 Eula
20%
923 Eulah
20%
280 Flossie
20%
678 Georgette
20%
585 Georgiana
20%
636 Georgianna
20%
610 Golda
20%
366 Guadalupe
20%
588 Juana
20%
758 Lavinia
20%
581 Lettie
20%
717 Lovie
20%
401 Oma
20%
455 Winona
20%
920 Wynona
20%
244 Alta
18%
825 Altha
18%
591 Eleanora
18%
687 Elenora
18%
762 Eloisa
18%
234 Elva
18%
854 Eugenie
18%
577 Freddie
18%
452 Hortense
18%
365 Lessie
18%
760 Lonnie
18%
210 Melba
18%
369 Mercedes
18%
976 Nella
18%
387 Robbie
18%
612 Roma
18%
683 Sammie
18%
480 William
18%
541 Alva
16%
564 Charles
16%
629 Gilda
16%
362 Gussie
16%
332 Jimmie
16%
944 Laurene
16%
847 Laurine
16%
884 Leonor
16%
667 Leonora
16%
167 Lorene
16%
432 Lorine
16%
303 Madge
16%
789 Magdalena
16%
396 Melva
16%
324 Merle
16%
790 Myrl
16%
848 Myrle
16%
304 Odessa
16%
375 Pearlie
16%
913 Vinnie
16%
285 Virgie
16%
528 Zola
16%
474 Alfreda
14%
797 Annis
14%
703 Audra
14%
196 Bette
14%
644 Dorcas
14%
609 Earlene
14%
358 Earline
14%
909 Edward
14%
489 Elda
14%
970 Ena
14%
922 Erlene
14%
932 Erline
14%
406 Glenna
14%
338 Iona
14%
448 Leta
14%
552 Lona
14%
461 Louella
14%
438 Marietta
14%
936 Merry
14%
276 Neva
14%
404 Philomena
14%
367 Reva
14%
322 Rosella
14%
495 Rowena
14%
824 Rozella
14%
695 Verona
14%
696 Vina
14%
429 Zella
14%
559 Belva
12%
301 Bernadine
12%
905 Carlene
12%
698 Claudie
12%
906 Dale
12%
653 Easter
12%
265 Elnora
12%
414 Erna
12%
859 Florida
12%
226 Leola
12%
738 Lyda
12%
486 Manuela
12%
783 Maxie
12%
929 Nila
12%
656 Nita
12%
614 Pearline
12%
430 Vesta
12%
893 Vita
12%
308 Zelma
12%
356 Althea
10%
418 Alvina
10%
969 Benita
10%
560 Delphine
10%
868 Georgetta
10%
363 Iola
10%
869 Lera
10%
316 Letha
10%
728 Lida
10%
723 Lucretia
10%
642 Magnolia
10%
955 Marylou
10%
361 Maudie
10%
575 Odell
10%
514 Orpha
10%
796 Ossie
10%
679 Rosina
10%
615 Twila
10%
502 Velda
10%
359 Wilda
10%
771 Berenice
8%
921 Blossom
8%
914 Catalina
8%
571 Celestine
8%
410 Consuelo
8%
392 Dessie
8%
753 Donnie
8%
494 Dovie
8%
852 Eda
8%
732 Elmira
8%
579 Elna
8%
677 Esperanza
8%
572 Florene
8%
344 Florine
8%
422 Garnet
8%
727 Garnett
8%
713 Idell
8%
934 Leda
8%
463 Leora
8%
355 Leota
8%
391 Lupe
8%
901 Marybelle
8%
863 Maryellen
8%
686 Maryjane
8%
928 Maurice
8%
889 Mickey
8%
451 Nelda
8%
803 Neta
8%
770 Sabina
8%
694 Tressie
8%
892 Vena
8%
403 Verda
8%
879 Walter
8%
710 Zula
8%
504 Albina
6%
633 Alda
6%
604 Aletha
6%
908 Arthur
6%
312 Avis
6%
711 Bethel
6%
895 Clarabelle
6%
858 Elvie
6%
822 Elvina
6%
933 Eudora
6%
716 Eulalia
6%
535 Floy
6%
896 Harold
6%
775 Hildred
6%
573 Idella
6%
342 Ione
6%
574 Lavina
6%
397 Lelia
6%
542 Linnie
6%
876 Ludie
6%
508 Lura
6%
611 Melvina
6%
668 Novella
6%
766 Ocie
6%
878 Reatha
6%
510 Retha
6%
988 Thora
6%
540 Verla
6%
989 Afton
4%
590 Artie
4%
880 Audie
4%
940 Clarine
4%
991 Clemmie
4%
741 Clyde
4%
320 Concetta
4%
634 Doretha
4%
550 Dorotha
4%
313 Dorthy
4%
673 Esta
4%
995 Etha
4%
875 Exie
4%
597 Germaine
4%
637 Hedwig
4%
802 Jettie
4%
899 Josefa
4%
900 Kathlyn
4%
641 Laverna
4%
188 Laverne
4%
685 Lavon
4%
613 Lavonne
4%
984 Lorean
4%
674 Malinda
4%
589 Marvel
4%
761 Meta
4%
580 Mittie
4%
769 Mozell
4%
417 Mozelle
4%
726 Myrtie
4%
749 Pinkie
4%
957 Rutha
4%
813 Sudie
4%
385 Theda
4%
607 Treva
4%
779 Zona
4%
505 Alpha
2%
706 Alvera
2%
725 Annamae
2%
751 Annetta
2%
941 Cleora
2%
742 Concepcion
2%
752 Delphia
2%
425 Dortha
2%
846 Enola
2%
551 Ethelyn
2%
961 Euna
2%
534 Filomena
2%
997 Gregoria
2%
963 Herminia
2%
910 Hildegarde
2%
722 Hilma
2%
499 Ilene
2%
666 Leatha
2%
1000 Lurline
2%
975 Mozella
2%
638 Myrtice
2%
558 Myrtis
2%
839 Nedra
2%
459 Oleta
2%
849 Romaine
2%
834 Stasia
2%
842 Stephania
2%
977 Theola
2%
967 Tiny
2%
512 Trinidad
2%
938 Venita
2%
856 Verdie
2%
701 Vergie
2%
684 Vernell
2%
547 Vernice
2%
670 Vernie
2%
912 Versie
2%
979 Virgil
2%
835 Viva
2%
903 Aldona
0%
650 Almeda
0%
885 Almeta
0%
845 Alverta
0%
750 Angelita
0%
817 Ardell
0%
821 Ardella
0%
570 Ardis
0%
672 Ardith
0%
791 Arvilla
0%
807 Bernita
0%
781 Cleta
0%
981 Clifford
0%
886 Creola
0%
982 Cruz
0%
596 Delma
0%
881 Delpha
0%
836 Dimple
0%
851 Dominga
0%
959 Elberta
0%
647 Eldora
0%
993 Ellamae
0%
867 Fairy
0%
962 Fumiko
0%
950 Goldia
0%
951 Hermina
0%
998 Kiyoko
0%
593 Larue
0%
708 Lavada
0%
945 Lavera
0%
983 Loma
0%
964 Lorenza
0%
843 Loyce
0%
763 Luvenia
0%
765 Madonna
0%
468 Mayme
0%
815 Naoma
0%
756 Neoma
0%
947 Oneta
0%
649 Ouida
0%
855 Ozella
0%
871 Palma
0%
864 Santa
0%
958 Santos
0%
832 Socorro
0%
937 Tomasa
0%
669 Velva
0%
930 Verlie
0%
978 Veva
0%
724 Vincenza
0%
778 Waneta
0%
620 Yetta
0%
806 Yoshiko
0%
No matching quizzes found
Score Distribution
Percent of People with Each Score
Percentile by Number Answered
Your Score History
You have not taken this quiz